Statistiken für Länder, die Curaçao am nächsten liegen

Klicken Sie hier um das Quiz zu spielen!

Allgemein

  • Dieses Quiz wurde 92 mal gespielt
  • Das Durchschnittsergebnis liegt bei 16 aus 20

Antwortstatistiken

kmLand% Korrekt
687Haiti
95%
1014Kuba
95%
985Panama
92%
854St Lucia
92%
629Dominikanische Republik
91%
974Jamaika
89%
65Venezuela
89%
996Barbados
88%
755Grenada
88%
1036Guyana
88%
820St Vincent und die Grenadinen
88%
872Dominica
86%
865St Kitts und Nevis
86%
214Kolumbien
85%
776Trinidad und Tobago
85%
923Antigua und Barbuda
82%
1045Bahamas
80%
967Brasilien
71%
77Aruba
50%
897Sint Maarten
12%

Verteilung der Resultate

Perzentil nach korrekt beantworteten Fragen

Anzahl Personen mit jedem Resultat

Ihre Resultats-Entwicklung

Sie haben dieses Quiz noch nicht gespielt